Statistics for Countries with Prime Ministers as Leader

Click here to take the quiz!

General Stats

  • This quiz has been taken 27 times
  • The average score is 25 of 44

Answer Stats

Prime Minister Country % Correct
Theresa MayUnited Kingdom
96%
Erna SolbergNorway
91%
Stefan LöfvenSweden
91%
Malcolm TurnbullAustralia
87%
Justin TrudeauCanada
87%
Lars Løkke RasmussenDenmark
83%
Shinzō AbeJapan
83%
Benjamin NetanyahuIsrael
78%
Jacinda ArdernNew Zealand
78%
Mariano RajoySpain
78%
Prayut Chan-o-chaThailand
74%
Abdullah bin Nasser bin Khalifa Al ThaniQatar
70%
Jaber Mubarak al-SabahKuwait
65%
Khalifa bin Salman Al KhalifaBahrain
65%
Qaboos bin Said al SaidOman
65%
Charles MichelBelgium
65%
Hubert MinnisBahamas
61%
Timothy HarrisSaint Kitts and Nevis
61%
Ralph GonsalvesSaint Vincent and the Grenadines
57%
Allen ChastanetSaint Lucia
57%
Andrew HolnessJamaica
52%
Fayez al-SarrajLibya
52%
Hun SenCambodia
52%
ʻAkilisi PōhivaTonga
52%
Dean BarrowBelize
52%
Freundel StuartBarbados
52%
Najib RazakMalaysia
52%
Ahmed Obeid bin DaghrYemen
48%
Tshering TobgayBhutan
48%
Keith MitchellGrenada
48%
Peter O'NeillPapua New Guinea
43%
Xavier BettelLuxembourg
43%
Tuilaepa Aiono Sailele MalielegaoiSamoa
43%
Rick HouenipwelaSolomon Islands
43%
Hani Al-MulkiJordan
43%
Lee Hsien LoongSingapore
39%
Enele SopoagaTuvalu
39%
Sheikh HasinaBangladesh
39%
Saadeddine OthmaniMorocco
35%
Antoni MartíAndorra
35%
Adrian HaslerLiechtenstein
30%
Barnabas Sibusiso DlaminiSwaziland
30%
Pravind JugnauthMauritius
26%
Teodoro Obiang Nguema MbasogoEquatorial Guinea
26%

Score Distribution

Percentile by Number Answered

Percent of People with Each Score

Your Score History

You have not taken this quiz